LIBRARY & INFORMATION CENTRE, KCAET, TAVANUR

ONLINE PUBLIC ACCESS CATALOGUE (OPAC)

Fundamentals of heat and mass transfer / (Record no. 11076)

MARC details
000 -LEADER
fixed length control field 00605cam a2200229ua 4500
020 ## - INTERNATIONAL STANDARD BOOK NUMBER
ISBN 81 224 0784 6
041 ## - LANGUAGE CODE
Language code of text/sound track or separate title eng
082 ## - DEWEY DECIMAL CLASSIFICATION NUMBER
Classification number 621.4022
Item number KOT/FU
100 ## - MAIN ENTRY--AUTHOR NAME
Personal name Kothandaraman, C.P.
245 ## - TITLE STATEMENT
Title Fundamentals of heat and mass transfer /
250 ## - EDITION STATEMENT
Edition statement 1 /
260 ## - PUBLICATION, DISTRIBUTION, ETC. (IMPRINT)
Place of publication New Delhi :
Name of publisher New Age International Ltd ,
Year of publication 1995.
300 ## - PHYSICAL DESCRIPTION
Number of Pages 894 ; .
500 ## - GENERAL NOTE
General note 18965-67 Scheme
942 ## - ADDED ENTRY ELEMENTS (KOHA)
Koha item type Books
Holdings
Withdrawn status Lost status Damaged status Home library Current library Date acquired Full call number Accession Number Koha item type Shelving location Cost, normal purchase price
      KAUAET   07/04/2012 621.4022 18967 Books    
      KAUAET KAUAET 07/04/2012 621.4022 KOT/FU 18965 Book Bank scheme for SC students Scheme  
      KAUAET KAUAET 07/04/2012 621.4022 KOT/FU 18966 Books   499.00
      KAUAET KAUAET 07/04/2012 621.4022 KOT/FU 21447 Books    
free website counter